• 首页
  • 本馆介绍
  • 公告通知
  • 最新文献
  • 馆藏检索
  • 电子资源
  • 读者导购
  • 参考咨询
  • 我的图书馆
  • 登录
  • 详细信息显示
  • 放入我的书架
  • 预约/预借图书
  • 作者相关作品
  • 分类相关作品
  • 丛书相关作品
  • 出版社相关作品

书目信息

  • 表格格式
  • 工作单格式
  • 卡片格式
题名:
瑞典环境污染过程监测与控制技术
    
 
作者: 埃肯格伦 , 高思 编 ;刘东方 , 徐廷云 , 朱艳景 译
分册:  
出版信息: 北京   化学工业出版社  2018
页数: 382页
开本: 26cm
丛书名:
单 册:
中图分类: X83 , X506
科图分类:
主题词: 环境污染--huan jing wu ran--环境监测--研究--瑞典 , 环境污染--huan jing wu ran--环境控制--研究--瑞典
电子资源:
ISBN: 978-7-122-25809-0
000 01670cam0 2200349 450
001 012001003137
005 20140101094209.0
010    @a978-7-122-25809-0@dCNY128.00
099    @aCAL 012018018386
100    @a20180228d2018 em y0chiy50 ea
101 1  @achi@cswe
102    @aCN@b110000
105    @aak a 000yy
106    @ar
200 1  @a瑞典环境污染过程监测与控制技术@Arui dian huan jing wu ran guo cheng jian ce yu kong zhi ji shu@d= Swedish environment pollution process monitoring and control technology@f(瑞典) 奥斯顿·艾肯格林, 高思等编@g刘东方, 徐廷云, 朱艳景等译@zeng
210    @a北京@c化学工业出版社@d2018
215    @a382页@c图@d26cm
314    @a责任者Ekengren规范汉译姓: 埃肯格伦
320    @a有书目
330    @a本书分别介绍了北欧欧洲空气污染长距离漂移监测和评价合作方案监测站颗粒物浓度测定及化学成分分析、交通道路产生的微粒物、不同VOC光化学臭氧生成潜力、轮船氨泄漏的测定方法以及细微颗粒物被动式采样器的开发和测试。在碳足迹和温室气体方面,本书着重介绍了生命周期评估、欧洲造纸中的碳足迹等一些理论方法及如何通过食品选择减少温室气体排放。最后,本书还对城市固体废物的处理进行了系统介绍。
510 1  @aSwedish environment pollution process monitoring and control technology@zeng
606 0  @a环境污染@Ahuan jing wu ran@x环境监测@x研究@y瑞典
606 0  @a环境污染@Ahuan jing wu ran@x环境控制@x研究@y瑞典
690    @aX83@v5
690    @aX506@v5
701  1 @a埃肯格伦@Aai ken ge lun@g(Ekengren, Osten)@4编
701  0 @a高思@Agao si@4编
702  0 @a刘东方@Aliu dong fang@4译
702  0 @a徐廷云@Axu ting yun@4译
702  0 @a朱艳景@Azhu yan jing@4译
801  2 @aCN@b北京卓展@c20191020
905    @b1210517-20@dX83@e292@f4
    
    瑞典环境污染过程监测与控制技术= Swedish environment pollution process monitoring and control technology/(瑞典) 奥斯顿·艾肯格林, 高思等编/刘东方, 徐廷云, 朱艳景等译.-北京:化学工业出版社,2018
    382页:图;26cm
    
    
    ISBN 978-7-122-25809-0:CNY128.00
    本书分别介绍了北欧欧洲空气污染长距离漂移监测和评价合作方案监测站颗粒物浓度测定及化学成分分析、交通道路产生的微粒物、不同VOC光化学臭氧生成潜力、轮船氨泄漏的测定方法以及细微颗粒物被动式采样器的开发和测试。在碳足迹和温室气体方面,本书着重介绍了生命周期评估、欧洲造纸中的碳足迹等一些理论方法及如何通过食品选择减少温室气体排放。最后,本书还对城市固体废物的处理进行了系统介绍。
●
相关链接 在E读中查询图书 在五车中查询图书 在当当中查询图书 在豆瓣中查询图书


正题名:瑞典环境污染过程监测与控制技术     索取号:X83/292         预约/预借

序号 登录号 条形码 馆藏地/架位号 状态 备注
1 1210517   212105176   第二样本阅览室/ [索取号:X83/292] 在馆    
2 1210518   212105185   第三借阅区/ [索取号:X83/292] 在馆    
3 1210519   212105194   第三借阅区/ [索取号:X83/292] 在馆    
4 1210520   212105201   第三借阅区/ [索取号:X83/292] 在馆    
唐山师范学院图书馆 欢迎您!
大连网信软件有限公司© 版权所有